000
00359nam a2200181Ia 4500
100
_a
Willard/Wendy
650
_a
HTML
250
_a
4
942
_c
BK
366
_f
25
654
_a
HTML
245
_a
HTML:Begineers Guide
260
_b
Tata McGraw Hil
_c
2009
082
_a
4.65
_b
WIL
300
_a
514
546
_a
ENGLISH
_c
PAMPHALETS
999
_c
24899
_d
24899